Tá kostická dědina

Korporativní autor: Mužský sbor Kostice - Tvrdonice
Další autoři: Třetina, František, 1920-1999, Ženský sbor Kostice, Kostičánek (umělecká skupina), Cimbálová muzika Jožky Severina
Jazyk: Čeština
Vydáno: Dolní Bojanovice : Kostice : Tonstudio Rajchman ;Obec Kostice 2012
Témata:
Fyzický popis: 1 zvuková deska (69:05) : digital ; 12 cm
Zvukové nahrávky
Uloženo v:
LEADER 02640njm a2200481 a 4500
001 001391073
003 CZ BrMZK
005 20140611092455.0
007 sd fsngnnmmned
008 140529s2012 xr fmnng n cze d
024 3 |a 8595210933320 
028 0 1 |a JR 0333-2  |b Tonstudio Rajchman 
040 |a BOA001  |b cze 
043 |a e-xr---  |b e-xr-jm 
047 |a fm  |a zz 
072 7 |a 784  |x Vokální hudba  |2 Konspekt  |9 9 
080 |a 784.4.088(437.32)  |2 MRF 
080 |a 784.3/.7-028.41  |2 MRF 
080 |a 785.16.071  |2 MRF 
080 |a (086.76)  |2 MRF 
245 0 0 |a Tá kostická dědina  |h [zvukový záznam] 
260 |a Dolní Bojanovice :  |b Tonstudio Rajchman ;  |a Kostice :  |b Obec Kostice  |c 2012 
300 |a 1 zvuková deska (69:05) :  |b digital ;  |c 12 cm 
306 |a 010905 
500 |a Kompaktní deska 
500 |a Hudba lidová, František Třetina a další 
505 0 0 |t Chodí šohaj zvečera --  |t Rakúský císař pán --  |t V Tvrdonicách šecí chuapci --  |t Zasadiu sem tri stromečky --  |t Až já půjdu na trávu --  |t Ej, rychtárove koně --  |t Povídajů ludé --  |t Ej, mamičko moja --  |t Škoda je ťa má miuá --  |t Teče voda podle vody --  |t Až já budu z Košic mašírovat --  |t Před naším je stromeček --  |t Šohajku, zuá rada --  |t Chodiua Anička --  |t Ore šohaj, ore --  |t Košute, Košute --  |t Vje, vje moje koně --  |t Ked bych já věděua --  |t Už jedů formané od Vídňa --  |t U Dunaja šaty praua --  |t Malovau malérek --  |t Zahrajte mně muzikanti --  |t Od Trenčína ;  |t Měu sem já kožuch --  |t Pod tvrdonsků májů --  |t Můj koníčku ryzovraný --  |t Přes ty hory, dědiny --  |t Tá kostická dědina 
511 1 |a Mužský sbor Kostice - Tvrdonice ; Ženský sbor Kostice ; Dětský soubor Kostičánek a sólisté ; doprovází cimbálová muzika Jožky Severina 
518 |a Nahrálo Tonstudio Jaromír Rajchman Dolní Bojanovice 2012 
650 0 7 |a moravské lidové písně, úpravy  |7 ph312548  |2 czenas 
650 0 7 |a zlidovělé písně  |7 ph224500  |2 czenas 
650 0 7 |a cimbálová muzika  |7 ph260642  |2 czenas 
655 7 |a kompaktní desky  |7 fd201991  |2 czenas 
651 7 |a Podluží (Česko)  |7 ge134430  |2 czenas 
700 1 |a Třetina, František,  |d 1920-1999  |7 mzk2005317781  |4 cmp  |4 lyr 
710 2 |a Mužský sbor Kostice - Tvrdonice  |7 olak2014822695 
710 2 |a Ženský sbor Kostice  |7 olak2014822698 
710 2 |a Kostičánek (umělecká skupina)  |7 olak2014822700 
710 2 |a Cimbálová muzika Jožky Severina  |7 ko2003181668 
910 |a BOA001  |b CDR-1326.080 
990 |a AV 
991 |b 201406 
996 6 |b 2610592906  |c CDR-1326.080  |l MZK  |r Sklad / do 24 hodin  |n 0  |p p.v.  |w 001426011  |u 000020  |a 1  |e BOA001  |j MZK50  |s P